Las palmas flamencas : (Record no. 137358)

MARC details
000 -CABECERA
campo de control de longitud fija 01503nam a22003614i 4500
001 - NÚMERO DE CONTROL
campo de control 991061597367606706
003 - IDENTIFICADOR DEL NÚMERO DE CONTROL
campo de control ES-BaIT
005 - FECHA Y HORA DE LA ÚLTIMA TRANSACCIÓN
campo de control 20260413092348.0
008 - DATOS DE LONGITUD FIJA--INFORMACIÓN GENERAL
campo de control de longitud fija 260126s2024 spcag||| |||| 000 0 spa|c
017 ## - NÚMERO DE COPYRIGHT O DE DEPÓSITO LEGAL
Número de copyright o de depósito legal DL B 21043-2024
Agencia que asigna Biblioteca de Catalunya
020 ## - NÚMERO INTERNACIONAL ESTÁNDAR DEL LIBRO
Número Internacional Estándar del Libro 9788409667147
Información calificativa (rústica)
040 ## - FUENTE DE LA CATALOGACIÓN
Centro catalogador/agencia de origen ES-BaESM
Lengua de catalogación cat
Normas de descripción rda
Centro/agencia transcriptor ES-BaESM
080 ## - NÚMERO DE LA CLASIFICACIÓN DECIMAL UNIVERSAL
Número de la Clasificación Decimal Universal 781.031.4
Subdivisión auxiliar común (460)
Identificador de la edición 2004
100 1# - ENTRADA PRINCIPAL--NOMBRE DE PERSONA
Nombre de persona Jiménez de Cisneros Puig, Bernat
Término indicativo de función/relación autor
9 (RLIN) 169223
240 10 - TÍTULO UNIFORME
Título uniforme Aproximación musicológica a las palmas flamencas a través de la fonografía y la praxis contemporánea
245 14 - MENCIÓN DE TÍTULO
Título Las palmas flamencas :
Resto del título aproximación musicológica a las palmas flamencas a través de la fonografía y la praxis contemporánea /
Mención de responsabilidad, etc. Bernat Jiménez de Cisneros Puig
250 ## - MENCIÓN DE EDICIÓN
Mención de edición Versión revisada
264 #1 - PRODUCCIÓN, PUBLICACIÓN, DISTRIBUCIÓN, FABRICACIÓN Y COPYRIGHT
Producción, publicación, distribución, fabricación y copyright [Barcelona] :
Nombre del de productor, editor, distribuidor, fabricante Atril Flamenco,
Fecha de producción, publicación, distribución, fabricación o copyright [2024]
264 #4 - PRODUCCIÓN, PUBLICACIÓN, DISTRIBUCIÓN, FABRICACIÓN Y COPYRIGHT
Fecha de producción, publicación, distribución, fabricación o copyright ©2024
300 ## - DESCRIPCIÓN FÍSICA
Extensión 451 pàgines :
Otras características físicas il·lustracions, música ;
Dimensiones 24 cm
336 ## - TIPO DE CONTENIDO
Término de tipo de contenido text
Código de tipo de contenido txt
Fuente rdacontent
337 ## - TIPO DE MEDIO
Nombre/término del tipo de medio sense mediació
Código del tipo de medio n
Fuente rdamedia
338 ## - TIPO DE SOPORTE
Nombre/término del tipo de soporte volum
Código del tipo de soporte nc
Fuente rdacarrier
500 ## - NOTA GENERAL
Nota general "Versión revisada de la edición original en PDF de 2020"--Verso de la portada
500 ## - NOTA GENERAL
Nota general Al llom: II
504 ## - NOTA DE BIBLIOGRAFÍA, ETC.
Nota de bibliografía, etc. Referències discogràfiques: pàgines 415-427. Bibliografia: pàgina: 429-439
650 #0 - PUNTO DE ACCESO ADICIONAL DE MATERIA--TÉRMINO DE MATERIA
Término de materia o nombre geográfico como elemento de entrada Flamenc, Música de
Subdivisión general Anàlisi i apreciació
Fuente del encabezamiento o término lemac
9 (RLIN) 169224
650 #7 - PUNTO DE ACCESO ADICIONAL DE MATERIA--TÉRMINO DE MATERIA
Término de materia o nombre geográfico como elemento de entrada Flamenc, Música de
Fuente del encabezamiento o término lemac
9 (RLIN) 56924
650 #4 - PUNTO DE ACCESO ADICIONAL DE MATERIA--TÉRMINO DE MATERIA
Término de materia o nombre geográfico como elemento de entrada Palmes (Música)
Subdivisión general Mètodes
9 (RLIN) 136767
908 ## - COLOCAR PARÁMETRO DE COMANDO (RLIN)
Colocar parámetro de comando ESMUC
940 ## - EQUIVALENCIA O REFERENCIA-CRUZADA--TÍTULO UNIFORME [OBSOLETO] [solamente CAN/MARC]
Título uniforme <a href="CVA23">CVA23</a>
942 ## - ELEMENTOS DE ENTRADA AGREGADA (KOHA)
Fuente del sistema de clasificación o colocación Clasificación decimal universal
Tipo de ítem Koha Llibre
Holdings
Estado de retiro Estado de pérdida Fuente del sistema de clasificación o colocación Estado dañado No para préstamo Localización permanente Ubicación/localización actual Ubicación en estantería Fecha de adquisición Fuente de adquisición Total de préstamos Signatura topográfica completa Código de barras Fecha visto por última vez Precio válido a partir de Tipo de ítem Koha
    Clasificación decimal universal   Novetat Biblioteca Barcelona Biblioteca Barcelona BCN Lliure Accés 13/04/2026 Compra   784.4 JIM 1900090008 13/04/2026 13/04/2026 Llibre

Powered by Koha